| 000 | 01732nas a22005297a 4500 | ||
|---|---|---|---|
| 005 | 20250217122703.0 | ||
| 007 | cr | ||
| 008 | 250213cr ||||| |||| 00| 0 spa d | ||
| 022 | _a1012-6902 | ||
| 022 | _a1461-7218 | ||
| 041 | _aeng | ||
| 222 | 1 | 0 | _aIRSS / |
| 245 | 1 | 0 |
_aInternational review for the sociology of sport / _cInternational Sociology of Sport Association . |
| 260 |
_aLondon : _bISSA , _c1969 - |
||
| 300 | _aImpresa y digital | ||
| 310 | _aTrimestral | ||
| 362 | _aVol. 4, No. 1 (mar. 1969) - | ||
| 500 | _aEs revisada por pares y tiene un alcance global publicando artículos de investigación, comentarios y reseñas de la más alta calidad que coincidan con el alcance de la revista. | ||
| 505 | _aEn la versión digital sólo algunos artículos son de acceso abierto. | ||
| 546 | _aInglés | ||
| 650 | 2 | 7 |
_2unescot _921159 _aDEPORTE |
| 650 | 2 | 7 |
_2unescot _92924 _aSOCIOLOGIA CULTURAL |
| 710 | 1 |
_921137 _aInternational Sociology of Sport Association |
|
| 856 | 4 | 1 | _uhttps://journals.sagepub.com/home/IRS |
| 869 |
_a1997 _n4 _v32 |
||
| 869 |
_a1998 _n1-4 _v33 |
||
| 869 |
_a1999 _n1-4 _v34 |
||
| 869 |
_a2000 _n1-4 _v35 |
||
| 869 |
_a2001 _n1-2 _v36 |
||
| 869 |
_a2002 _n1-4 _v37 |
||
| 869 |
_a2003 _n2-3 _v38 |
||
| 869 |
_a2004 _n1-4 _v39 |
||
| 869 |
_a2005 _n1-4 _v40 |
||
| 869 |
_a2006 _n1-4 _v41 |
||
| 869 |
_a2007 _n1-2, 4 _v42 |
||
| 869 |
_a2008 _n1-3 _v43 |
||
| 869 |
_a2009 _n1-4 _v44 |
||
| 869 |
_a2010 _n1-4 _v45 |
||
| 869 |
_a2011 _n2-3 _v46 |
||
| 869 |
_a2012 _n2-6 _v47 |
||
| 869 |
_a2013 _n1, 5-6 _v48 |
||
| 869 |
_a2014 _n1-2, 5-6 _v49 |
||
| 869 |
_a2015 _n1--8 _v50 |
||
| 869 |
_a2016 _n1-5 _v51 |
||
| 942 |
_2ddc _cREV |
||
| 980 |
_611876 _aClaudia Naveiras _811876 _gClaudia Naveiras |
||
| 999 |
_c10670 _d10670 |
||